TH-MS-Isolation and partial characterization of begomovirus (es) from different regions of Pakistan (Record no. 480867)
[ view plain ]
| 000 -LEADER | |
|---|---|
| fixed length control field | 00557nam a22001697a 4500 |
| 003 - CONTROL NUMBER IDENTIFIER | |
| control field | ASAB |
| 005 - DATE AND TIME OF LATEST TRANSACTION | |
| control field | 20180827062841.0 |
| 008 - FIXED-LENGTH DATA ELEMENTS--GENERAL INFORMATION | |
| fixed length control field | 180511t xxu||||| |||| 00| 0 eng d |
| 040 ## - CATALOGING SOURCE | |
| Transcribing agency | ASAB |
| 082 ## - DEWEY DECIMAL CLASSIFICATION NUMBER | |
| Classification number | Thesis 2013 SB |
| 100 ## - MAIN ENTRY--PERSONAL NAME | |
| Personal name | Shaheen Bibi-sup-Dr. Muhammad Tahir |
| 9 (RLIN) | 3934 |
| 245 ## - TITLE STATEMENT | |
| Title | TH-MS-Isolation and partial characterization of begomovirus (es) from different regions of Pakistan |
| Statement of responsibility, etc. | Shaheen Bibi-sup-Dr. Muhammad Tahir |
| 260 ## - PUBLICATION, DISTRIBUTION, ETC. | |
| Place of publication, distribution, etc. | Islamabad |
| Name of publisher, distributor, etc. | ASAB NUST |
| Date of publication, distribution, etc. | 2013 |
| 300 ## - PHYSICAL DESCRIPTION | |
| Extent | xxi,71 P |
| 630 ## - SUBJECT ADDED ENTRY--UNIFORM TITLE | |
| Uniform title | Virology and Immunology |
| 9 (RLIN) | 3935 |
| 942 ## - ADDED ENTRY ELEMENTS (KOHA) | |
| Source of classification or shelving scheme | |
| Koha item type | |
| Withdrawn status | Lost status | Source of classification or shelving scheme | Damaged status | Not for loan | Permanent Location | Current Location | Date acquired | Total Checkouts | Full call number | Barcode | Date last seen | Price effective from | Koha item type | Shelving location |
|---|---|---|---|---|---|---|---|---|---|---|---|---|---|---|
| Atta-ur-Rahman School of Applied Biosciences (ASAB) | Atta-ur-Rahman School of Applied Biosciences (ASAB) | 05/11/2018 | Thesis 2013 SB | ASABMS-25-13 | 05/11/2018 | 05/11/2018 | ||||||||
| Central Library (CL) | Central Library (CL) | 01/26/2020 | 616 Thesis 2013 SB | CL-T-4832 | 01/26/2020 | 01/26/2020 | Thesis | Thesis |
